[Event "17th Delhi GM Open 2019"]
[Site "Delhi"]
[Date "2019.01.10"]
[Round "2"]
[White "Mosadeghpour, Masoud"]
[Black "Mahindrakar Indrajeet"]
[Result "*"]
[WhiteElo "2517"]
[BlackElo "2110"]
[Annotator "TA"]
[PlyCount "27"]
[EventDate "2019.01.09"]
[EventType "swiss"]
[EventCountry "IND"]
[SourceTitle "playchess.com"]
[Source "ChessBase"]
[SourceQuality "1"]

{[%evp 16,17,41,35]} 1. e4 Nf6 2. e5 Nd5 3. d4 d6 4. Nf3 dxe5 5. Nxe5 c6 6. Be2 g6 {B04: Alekhine's Defence: 4 Nf3} (6... Bf5 7. c3 Nd7 8. Nf3 e6 9. O-O Bd6 10. Re1 O-O 11. Nbd2 h6 12. Nc4 Bc7 13. a4 a5 14. Bd3 {1-0 (40) Vachier Lagrave,M (2779)-Dominguez Perez,L (2739) chess.com INT 2018}) 7. O-O Bg7 8. c4 Nc7 9. Be3 {LiveBook: 10 Games} {Predecessor:} O-O $146 10. Qc1 Nd7 11. Nf3 Nf6 12. h3 Bf5 13. Rd1 Bxb1 14. Rxb1 {0-1 (71) Kosteniuk,A (2537)-Goryachkina,A (2460) Sochi 2016} *

[Event "17th Delhi GM Open 2019"]
[Site "Delhi"]
[Date "2019.01.10"]
[Round "2"]
[White "Mosadeghpour, Masoud"]
[Black "Mahindrakar Indrajeet"]
[Result "1-0"]
[WhiteElo "2517"]
[BlackElo "2110"]
[Annotator "TA"]
[PlyCount "78"]
[EventDate "2019.01.09"]
[EventType "swiss"]
[EventCountry "IND"]
[SourceTitle "playchess.com"]
[Source "ChessBase"]
[SourceQuality "1"]

{[%evp 20,78,26,45,92,56,84,65,80,77,75,77,68,70,99,99,134,123,108,111,129,124,117,129,144,148,130,154,132,128,163,152,156,157,133,122,135,136,127,122,165,174,198,184,193,187,231,220,250,260,285,257,443,406,644,643,623,629,740,704,743]} 1. e4 Nf6 2. e5 Nd5 3. d4 d6 4. Nf3 dxe5 5. Nxe5 c6 6. Be2 g6 {B04: Alekhine's Defence: 4 Nf3} (6... Bf5 7. c3 Nd7 8. Nf3 e6 9. O-O Bd6 10. Re1 O-O 11. Nbd2 h6 12. Nc4 Bc7 13. a4 a5 14. Bd3 {1-0 (40) Vachier Lagrave,M (2779)-Dominguez Perez,L (2739) chess.com INT 2018}) 7. O-O Bg7 8. c4 Nc7 9. Be3 O-O 10. f4 Nd7 11. Nc3 {LiveBook: 15 Games} Ne8 12. Bf2 $146 ({Predecessor:} 12. Qb3 Nd6 13. Rad1 Nf6 14. Bf3 {½-½ (60) Tiviakov,S (2623)-Appel,R (2544) Vila Nova de Gaia 2010}) 12... Nd6 13. Qb3 Nf6 14. Bf3 Be6 15. Rfe1 Nxc4 16. Qxb7 Na5 17. Qa6 {Hoping for b4.} ({Of course not} 17. Nxc6 Nxb7 18. Nxd8 Rfxd8 $15) 17... Rb8 18. b3 ({Don't play} 18. Qxa7 Rxb2 19. Rab1 Rxb1 $16) 18... Nd5 19. Nxd5 (19. Nxc6 Nxc6 20. Qxc6 Rc8 $17) 19... cxd5 20. Qxa7 Ra8 21. Qc5 Nb7 {[%cal Ba5b7,Bb7d6,Bd6f5][%mdl 32] [#]} 22. Qb4 $1 {[%cal Rb4b7]} Nd6 23. Nc6 Qd7 {[#]} 24. Bxd5 $1 {[%mdl 576] Decoy} Bxd5 25. Nxe7+ {[%mdl 64] Double Attack} Kh8 {Threatens to win with ...Be4.} 26. Nxd5 {Nb6 is the strong threat.} Rfb8 27. Qd2 Nf5 28. Nc3 Nxd4 29. Qd3 Rd8 30. Rad1 {aiming for Re4.} Qc7 31. Nb5 Nxb5 32. Qxb5 Rxd1 33. Rxd1 Qxf4 34. a4 {[%cal Ba2a4,Ba4a5,Ba5a6,Ba6a7][%mdl 32]} h5 35. a5 Kh7 $2 (35... Qg4 36. Rf1 Bd4 37. Bxd4+ (37. Qd5 Bxf2+ 38. Rxf2 Ra7 $16) 37... Qxd4+ 38. Kh1 Kg7) 36. a6 $18 h4 (36... Qg4 $142 37. Rf1 Qe4) 37. Qc6 {White is clearly winning.} Qg4 38. Re1 Rd8 {If Black can now play ...Rd1 this consolidates a bit.} 39. a7 Rd1 {Accuracy: White = 93%, Black = 44%.} 1-0

[Event "17th Delhi GM Open 2019"]
[Site "Delhi"]
[Date "2019.01.10"]
[Round "2"]
[White "Movsziszian, Karen"]
[Black "Franco Valencia, Angela"]
[Result "*"]
[WhiteElo "2514"]
[BlackElo "2107"]
[Annotator "TA"]
[PlyCount "43"]
[EventDate "2019.01.09"]
[EventType "swiss"]
[EventCountry "IND"]
[SourceTitle "playchess.com"]
[Source "ChessBase"]
[SourceQuality "1"]

{[%evp 16,17,13,7]} 1. Nf3 d6 2. g3 f5 3. Bg2 Nf6 4. O-O g6 5. c4 Bg7 6. Nc3 O-O 7. Rb1 Nc6 8. b4 e5 9. d3 {LiveBook: 227 Games} {Predecessor:} h6 $146 10. b5 Ne7 11. c5 Be6 12. Ba3 g5 13. cxd6 cxd6 14. Nd2 Rc8 15. Rc1 Qd7 16. Nc4 Ne8 17. Qa4 e4 18. Qb4 Rf7 19. Na4 d5 20. Nd6 Nxd6 21. Qxd6 Qxd6 22. Bxd6 {½-½ (63) Heberla,B (2541)-Amin,B (2654) Sharjah 2016} *

[Event "17th Delhi GM Open 2019"]
[Site "Delhi"]
[Date "2019.01.10"]
[Round "2"]
[White "Movsziszian, Karen"]
[Black "Franco Valencia, Angela"]
[Result "1-0"]
[WhiteElo "2514"]
[BlackElo "2107"]
[Annotator "TA"]
[PlyCount "121"]
[EventDate "2019.01.09"]
[EventType "swiss"]
[EventCountry "IND"]
[SourceTitle "playchess.com"]
[Source "ChessBase"]
[SourceQuality "1"]

{[%evp 17,121,0,67,37,53,-4,0,0,-21,-2,82,78,66,0,56,63,63,37,56,58,67,43,50,29,38,38,66,70,75,70,72,72,74,70,133,131,186,206,272,257,318,107,115,105,87,94,102,97,109,122,97,107,127,118,121,60,61,71,117,93,126,114,141,103,147,118,146,0,143,0,71,17,29,0,98,0,0,0,0,0,0,0,53,38,171,170,200,196,166,156,179,118,118,20,30,0,38,9,510,510,502,495,476,462,425,410]} 1. Nf3 d6 2. g3 f5 3. Bg2 Nf6 4. O-O g6 5. c4 Bg7 6. Nc3 O-O 7. Rb1 Nc6 8. b4 e5 9. d3 f4 {LiveBook: 4 Games. A26: English Opening vs King's Indian with ...Nc6 and d3} (9... a6 $11) 10. gxf4 $146 ({Predecessor:} 10. b5 Ne7 11. a4 Bg4 12. Qb3 Kh8 13. Ba3 Nf5 14. Qd1 Qd7 15. c5 Rae8 16. cxd6 cxd6 17. Ne4 Nxe4 18. dxe4 Bxf3 19. Bxf3 {0-1 (29) Belous,V (2584)-Kabanov,N (2496) Vladivostok 2014}) 10... Nh5 11. b5 (11. fxe5 $14 Nxe5 12. Nxe5) 11... Nd4 $11 {The position is equal.} 12. Nxd4 exd4 13. Nd5 {[%cal Bc3d5,Bd5b4,Bb4c2][%mdl 32]} c6 (13... Bg4 $11 {keeps the balance.}) 14. bxc6 $16 bxc6 15. e3 (15. Qa4 $14 Bg4 16. Qxc6 Bxe2 17. Qxa8 Qxa8 18. Ne7+ {[%mdl 64] Discovered Attack} Kh8 19. Bxa8 Bxd3 20. Ba3 Rxa8 21. Bxd6) 15... Bd7 ({Black should play} 15... a5 $1 $11) 16. Nb4 $1 $14 {[%cal Rb4c6]} Rc8 17. Nc2 c5 18. Ne1 Kh8 19. Bd2 (19. Nf3 {is interesting.} Bg4 20. Qc2 Qd7 21. Ng5 h6 22. Ne4) 19... Bc6 20. Bxc6 Rxc6 21. Ng2 Ra6 22. a4 d5 23. cxd5 {Hoping for e4.} Qxd5 24. e4 Qc6 25. Rc1 Rxa4 {[#]} (25... Bh6 $14) 26. Rxc5 $1 $16 {[%mdl 512]} Qa6 (26... Qxc5 $16 {might work better.} 27. Qxa4 Qb6) 27. f5 $18 Ra3 28. fxg6 hxg6 29. Rxh5+ $2 (29. Qg4 $18 {and White stays clearly on top.}) 29... gxh5 $16 30. Qxh5+ Kg8 31. Bb4 Ra1 32. Bxf8 Rxf1+ 33. Kxf1 Qxd3+ 34. Qe2 Qb1+ 35. Ne1 Kxf8 36. Qf3+ (36. Qd3 $16 Qxd3+ 37. Nxd3) 36... Kg8 $14 37. Qd3 Qa1 38. Qb3+ Kh7 39. Ke2 a5 40. Qh3+ Kg8 41. Qe6+ Kh8 42. Qh3+ Kg8 43. Qb3+ (43. Qc8+ $142 $1 Kh7 44. Qf5+ Kg8 45. Qd5+ Kf8 46. Nd3) 43... Kh7 $16 44. Nc2 (44. Qc2 $16) 44... Qc1 $11 45. Ne1 (45. Qd3 $11) 45... Qa1 $16 {[#]} 46. Nf3 ({Better is} 46. Qc2 $1 $16) 46... a4 $11 47. Qe6 {White threatens Ng5+ and mate.} d3+ {[%mdl 64] Decoy} 48. Kxd3 {Ng5+ would kill now.} Qd1+ 49. Nd2 {aiming for Qf5+.} Bh6 (49... a3 $11) 50. f4 Qa1 (50... a3 $14) 51. e5 $18 a3 52. Qd7+ Bg7 53. Qf5+ Kg8 {[#]} 54. Qc8+ (54. e6 $1 $18 {Strongly threatening Qf7+.} Qf6 55. Qd5 (55. Qxf6 Bxf6 56. Nb3 a2 $11)) 54... Kh7 $16 55. Qc2 (55. Qc4 $16) 55... a2 $1 $11 56. Kc4+ Kg8 57. Kb3 Bxe5 $2 {[%mdl 8192]} (57... Qd4 $11 58. Qxa2 (58. Kxa2 Qxf4 59. Qc8+ Kh7 $14) 58... Qxf4) 58. fxe5 $18 {White is clearly winning.} Qxe5 59. Qg6+ Kf8 60. Qh6+ Kg8 61. Kxa2 {Accuracy: White = 40%, Black = 39%.} 1-0

[Event "17th Delhi GM Open 2019"]
[Site "Delhi"]
[Date "2019.01.10"]
[Round "2"]
[White "Swapnil, S. Dhopade"]
[Black "Kamdar Udit"]
[Result "*"]
[WhiteElo "2487"]
[BlackElo "2093"]
[Annotator "TA"]
[PlyCount "32"]
[EventDate "2019.01.09"]
[EventType "swiss"]
[EventCountry "IND"]
[SourceTitle "playchess.com"]
[Source "ChessBase"]
[SourceQuality "1"]

{[%evp 10,11,22,12]} 1. Nf3 d5 2. g3 Nf6 3. Bg2 c6 4. c4 e6 5. O-O Nbd7 6. d4 {LiveBook: 320 Games} {Predecessor:} dxc4 $146 7. Qc2 b5 8. b3 cxb3 9. Qxc6 Rb8 10. axb3 Bb7 11. Qc2 Rc8 12. Qa2 Bd6 13. Bg5 O-O 14. Nbd2 Qc7 15. Qb1 a6 16. Bxf6 Nxf6 {½-½ (51) Dominguez Perez,L (2732)-Quesada Perez,Y (2631) Matanzas 2016} *

[Event "17th Delhi GM Open 2019"]
[Site "Delhi"]
[Date "2019.01.10"]
[Round "2"]
[White "Swapnil, S. Dhopade"]
[Black "Kamdar Udit"]
[Result "1-0"]
[WhiteElo "2487"]
[BlackElo "2093"]
[Annotator "TA"]
[PlyCount "47"]
[EventDate "2019.01.09"]
[EventType "swiss"]
[EventCountry "IND"]
[SourceTitle "playchess.com"]
[Source "ChessBase"]
[SourceQuality "1"]

{[%evp 12,47,40,37,56,77,205,184,232,230,217,217,206,182,166,173,170,182,204,212,509,497,722,705,709,690,872,877,1183,1160,29983,29984,29984,29985,5854,29974,29997,29998]} 1. Nf3 d5 2. g3 Nf6 3. Bg2 c6 4. c4 e6 5. O-O Nbd7 6. d4 dxc4 7. a4 {LiveBook: 73 Games} Qa5 {E04: Open Catalan: 5 Nf3} 8. Na3 b5 $146 {[#]} (8... Bxa3 $16 9. Rxa3 O-O) ({Predecessor:} 8... Nb6 9. Ne5 c3 10. b3 Be7 11. Nac4 Nxc4 12. bxc4 O-O 13. Qb3 Rd8 14. e3 Nd7 15. f4 {0-1 (34) Goganov,A (2545)-Zilka,S (2529) Yerevan 2013}) 9. Ne5 $1 $18 Nxe5 {White is clearly better.} 10. dxe5 Nd5 11. axb5 Bxa3 12. bxc6 Qc7 {Hoping for ...Bb4.} 13. Rxa3 Qxc6 14. Qd4 O-O {[#]} 15. Qh4 $1 ({Don't play} 15. Rxa7 $6 Rxa7 16. Qxa7 Ba6 $16) 15... f6 $2 (15... Qc7 {was called for.} 16. Bd2 Bb7) 16. exf6 gxf6 (16... Rxf6 $142 17. e4 a5 18. exd5 exd5) 17. Bh6 {Qg4+ is the strong threat.} Rf7 18. e4 {[%cal Be2e4,Be4e5,Be5f6][%mdl 32]} Ne7 {[#]} 19. e5 $1 {[%mdl 512]} Nd5 (19... fxe5 20. Bxc6) 20. exf6 {And now Qg5+ would win.} e5 21. Qg5+ Kh8 22. Bg7+ Kg8 23. Be4 Bb7 {[#]} 24. Bxh7+ $1 {[%mdl 512] Precision: White = 97%, Black = 14%.} 1-0

[Event "17th Delhi GM Open 2019"]
[Site "Delhi"]
[Date "2019.01.10"]
[Round "2"]
[White "Gajek, Radoslaw"]
[Black "Mirzaad, S.wahabuddin"]
[Result "1-0"]
[WhiteElo "2481"]
[BlackElo "2071"]
[Annotator "TA"]
[PlyCount "83"]
[EventDate "2019.01.09"]
[EventType "swiss"]
[EventCountry "IND"]
[SourceTitle "playchess.com"]
[Source "ChessBase"]
[SourceQuality "1"]

{[%evp 22,83,56,49,54,35,41,40,74,76,77,68,72,70,80,86,100,106,112,99,107,95,99,89,128,130,122,127,172,152,146,148,229,196,350,353,339,318,369,363,350,328,635,599,629,630,600,595,616,587,1869,1781,1853,1901,1347,532,427,403,29983,29984,29984,29985,29988,29989]} 1. c4 Nf6 2. Nc3 g6 3. e4 c5 4. Nf3 d6 5. d4 cxd4 6. Nxd4 Nc6 7. Be2 Bg7 8. Be3 O-O 9. O-O Bd7 10. Nb3 {[%cal Bd4b3,Bb3a1,Ba1c2,Bc2a3,Ba3b5][%mdl 32]} b6 11. f3 {B38: Sicilian: Maroczy Bind with 5...Bg7 and 7...0-0} Rc8 12. Rc1 {LiveBook: 11 Games} Be6 (12... Ne5 13. Nd5 Ba4 14. Qd2 Nfd7 15. Nd4 Nc5 16. b4 Ncd7 17. b5 e6 18. Bg5 Qe8 {1-0 (69) Buhmann,R (2571)-Arutinian,D (2556) Pardubice 2012}) 13. Nd5 {White is slightly better.} Nd7 14. Qd2 Re8 $146 ({Predecessor:} 14... f5 15. exf5 Rxf5 16. f4 Rf7 17. Bf3 Nf6 18. Rfe1 Bd7 {½-½ (39) Kratochwil,C (2310)-Jaap,H Germany 1993}) 15. Na1 a5 16. b3 Nc5 17. Nc2 Rb8 18. Na3 f5 19. Nb5 Rb7 20. exf5 Bxf5 21. Rfe1 Kh8 22. Bf1 Ne5 23. Rcd1 Rf8 24. Bg5 Be6 25. Nd4 Bxd5 26. cxd5 Bf6 (26... Qe8 $16 {keeps fighting.} 27. Bb5 Qf7) 27. Bxf6+ Rxf6 $2 {[#]} (27... exf6 {might work better.} 28. f4 Ned7) 28. f4 $18 Nf7 29. a3 {[%cal Ba2a3,Ba3b4][%mdl 32]} b5 30. b4 axb4 31. axb4 Na4 $2 (31... Na6 32. Bxb5 Qb6 33. Bxa6 Qxa6) 32. Bxb5 Nb6 33. Nc6 Qf8 34. Qd4 Nd7 35. Rxe7 Rxb5 36. Rxd7 Kg7 37. g4 Qc8 {[#]} 38. Rxf7+ (38. Nd8 $142 $3 {[%mdl 512] Intending Qxf6+! and mate.} Qxd7 39. Ne6+ Qxe6 40. dxe6) 38... Kxf7 39. Qa7+ Kf8 (39... Rb7 $18 40. Qxb7+ {[%mdl 64] Deflection, Decoy} Qxb7 41. Nd8+ {[%mdl 64] Double Attack} Ke7 42. Nxb7 Rxf4) 40. Qe7+ {[%mdl 64] Double Attack. White mates.} Kg8 41. Qxf6 {[%cal Rc6e7]} Qxg4+ 42. Kf2 {Accuracy: White = 77%, Black = 42%.} 1-0

[Event "17th Delhi GM Open 2019"]
[Site "Delhi"]
[Date "2019.01.10"]
[Round "2"]
[White "Gajek, Radoslaw"]
[Black "Mirzaad, S.wahabuddin"]
[Result "*"]
[WhiteElo "2481"]
[BlackElo "2071"]
[Annotator "TA"]
[PlyCount "36"]
[EventDate "2019.01.09"]
[EventType "swiss"]
[EventCountry "IND"]
[SourceTitle "playchess.com"]
[Source "ChessBase"]
[SourceQuality "1"]

{[%evp 18,19,57,40]} 1. c4 Nf6 2. Nc3 g6 3. e4 c5 4. Nf3 d6 5. d4 cxd4 6. Nxd4 Nc6 7. Be2 Bg7 8. Be3 O-O 9. O-O Bd7 10. Nb3 {LiveBook: 128 Games} {Predecessor:} a5 $146 11. Nd2 Bc8 12. Rc1 Nd7 13. Nb3 a4 14. Nd4 Nxd4 15. Bxd4 Bxd4 16. Qxd4 Qb6 17. Qxb6 Nxb6 18. f4 Be6 {½-½ (31) Zherebukh,Y (2633)-Edouard,R (2612) Saint Louis 2018} *

[Event "17th Delhi GM Open 2019"]
[Site "Delhi"]
[Date "2019.01.10"]
[Round "2"]
[White "Rahman, Ziaur"]
[Black "Saptorshi Gupta"]
[Result "1-0"]
[WhiteElo "2470"]
[BlackElo "2063"]
[Annotator "TA"]
[PlyCount "127"]
[EventDate "2019.01.09"]
[EventType "swiss"]
[EventCountry "IND"]
[SourceTitle "playchess.com"]
[Source "ChessBase"]
[SourceQuality "1"]

{[%evp 15,127,55,46,51,68,72,109,97,106,64,78,65,65,65,66,65,65,65,67,66,54,68,69,25,27,35,35,0,0,0,60,60,93,86,173,190,378,218,226,140,144,155,165,158,136,106,103,64,79,83,79,77,79,81,83,75,76,68,76,72,98,72,71,33,42,41,87,92,90,33,35,36,66,63,69,48,48,45,46,47,82,80,114,105,105,99,90,68,68,68,68,68,68,69,69,69,69,72,225,291,373,366,358,0,348,333,289,284,553,553,552,529,540,532]} 1. d4 Nf6 2. Bg5 c5 3. d5 Ne4 4. Bf4 d6 5. f3 Nf6 6. e4 g6 7. c4 Bg7 {A45: Trompowsky Attack} 8. Nc3 O-O {LiveBook: 7 Games} 9. Nge2 {[%cal Bg1e2,Be2c1,Bc1b3][%mdl 32]} (9. Qd2 a6 10. Bd3 e6 11. a4 exd5 12. cxd5 {1-0 (52) Nyzhnyk,I (2599)-Hansen,E (2629) chess.com INT 2018}) 9... Ne8 $146 {White is slightly better.} ({Predecessor:} 9... Nfd7 10. Qd2 Re8 11. Ng3 h5 12. Be2 Nf8 13. O-O e5 14. Be3 Nh7 15. a3 {0-1 (61) Vlasenko,M (2423)-Klepikov,N (2272) St Petersburg 2017}) 10. Qd2 e5 11. Bg5 f6 12. Bh4 Bd7 13. Nc1 Na6 14. Bd3 Rb8 {[%cal Ba8b8,Bb8b6,Bb6a6][%mdl 32]} 15. a3 Nec7 16. Qe2 Qe8 17. Nb3 b5 18. Na5 b4 19. Nd1 Rb6 20. O-O f5 21. axb4 Nxb4 22. Bb1 fxe4 (22... f4 $11) 23. Bxe4 $14 Ra6 24. Nc3 Qb8 {[#]} (24... Rb6 $16 {is a better defense.}) 25. Nc6 $1 $18 {[%cal Rc6b8][%mdl 512]} Qb7 $2 (25... Bxc6 26. Rxa6 (26. dxc6 Nxc6 27. Rxa6 Nd4 $11) 26... Nbxa6) (25... Nxc6 26. dxc6) 26. Be7 (26. Ne7+ $142 Kh8 27. Qd2) 26... Rc8 27. Bxd6 Nxc6 28. dxc6 Bxc6 29. Bxc5 Ne6 30. Be3 Nd4 31. Bxd4 exd4 32. Rxa6 Qxa6 33. Nd5 Bxd5 34. Bxd5+ Kh8 35. g3 Qb6 36. Kg2 Rb8 37. Rf2 Qb3 38. Qe4 Qe3 39. Re2 (39. b4 {with more complications.} Qxe4 40. fxe4 Rxb4 41. c5 d3 42. c6) 39... Qxe4 40. Bxe4 $14 {[%mdl 4096] Endgame KRB-KRB} d3 41. Bxd3 Rxb2 42. Bc2 (42. Rxb2 $16 Bxb2 43. c5) 42... Bd4 43. f4 Rb4 44. Bd3 Rb3 45. Rd2 {Black must now prevent Bxg6!} Be3 46. Rd1 a5 47. Kf3 Bc5 48. Ke4 a4 49. Kd5 Bf8 50. c5 {[#] c6 is the strong threat.} a3 {aiming for ...a2.} 51. c6 a2 $1 52. c7 Rxd3+ $1 53. Rxd3 a1=Q 54. c8=Q {[%cal Rc8f8] KQR-KQB} Qh1+ $1 55. Kd4 $1 {[%cal Rc8f8]} Qa1+ $1 56. Ke3 $1 {[%cal Rc8f8]} Qg1+ $2 (56... Qe1+ $16 {was necessary.} 57. Kf3 Qf1+ 58. Ke4 Qh1+ 59. Ke5 Qe1+ 60. Kd5 Qh1+ 61. Kc4 Qc1+ 62. Rc3 Qf1+ 63. Kd4 Qd1+ 64. Rd3 Qa1+ 65. Rc3 Qd1+ 66. Rd3 Qa1+) 57. Kd2 $18 {[%cal Rc8f8]} Qf2+ 58. Kd1 {[%cal Rc8f8]} Qf1+ 59. Kd2 {[%cal Rc8f8]} Qf2+ $1 60. Kc1 {[%cal Rc8f8]} Qe1+ 61. Kb2 {[%cal Rc8f8]} Qb4+ $2 (61... Qe2+ 62. Kc3 Qe1+ 63. Kb2 Qe2+ 64. Kc3 Qe1+ 65. Kc2 Qe2+ 66. Rd2 Qe4+ 67. Kb2 Kg7 68. Rd7+ Be7) 62. Kc2 {White is clearly winning.} Qa4+ 63. Kd2 {[%cal Rc8f8]} Qb4+ 64. Qc3+ {Accuracy: White = 69%, Black = 50%.} 1-0

[Event "17th Delhi GM Open 2019"]
[Site "Delhi"]
[Date "2019.01.10"]
[Round "2"]
[White "Rahman, Ziaur"]
[Black "Saptorshi Gupta"]
[Result "*"]
[WhiteElo "2470"]
[BlackElo "2063"]
[Annotator "TA"]
[PlyCount "24"]
[EventDate "2019.01.09"]
[EventType "swiss"]
[EventCountry "IND"]
[SourceTitle "playchess.com"]
[Source "ChessBase"]
[SourceQuality "1"]

{[%evp 9,9,41]} 1. d4 Nf6 2. Bg5 c5 3. d5 Ne4 4. Bf4 d6 5. f3 {Predecessor:} Qa5+ $146 6. Nd2 Nf6 7. e4 e6 8. c3 exd5 9. exd5 Be7 10. Ne2 Nh5 11. Be3 O-O 12. g4 Bh4+ {0-1 (30) Paragua,M (2492)-Salem,A (2656) chess.com INT 2017} *

[Event "17th Delhi GM Open 2019"]
[Site "Delhi"]
[Date "2019.01.10"]
[Round "2"]
[White "Khusenkhojaev, Muhammad"]
[Black "Vahdatian, Davood"]
[Result "1-0"]
[WhiteElo "2455"]
[BlackElo "2048"]
[Annotator "TA"]
[PlyCount "117"]
[EventDate "2019.01.09"]
[EventType "swiss"]
[EventCountry "IND"]
[SourceTitle "playchess.com"]
[Source "ChessBase"]
[SourceQuality "1"]

{[%evp 15,117,25,31,18,34,21,18,23,35,17,9,0,0,2,22,-43,-43,-57,25,30,16,11,75,67,75,76,73,66,62,71,69,81,75,69,159,141,145,125,143,92,96,92,92,79,84,81,150,142,138,135,150,119,279,287,268,293,301,300,300,286,285,270,266,267,267,248,260,265,243,156,452,487,870,861,803,780,1352,1303,1172,1349,1113,1095,5595,5311,29967,29967,29978,29981,29981,29976,29981,29982,29982,29983,29984,29985,29985,29985,29985,29986,29989,29990,29990,29991]} 1. Nf3 d5 2. d4 Nf6 3. c4 e6 4. g3 Be7 5. Bg2 O-O 6. O-O c6 7. Qc2 Ne4 8. b3 Nd7 {LiveBook: 89 Games} 9. a4 {E08: Closed Catalan: Main Line: 7 Qc2} (9. Bb2 f5 10. Nbd2 a5 11. Ne1 b5 12. Ndf3 bxc4 13. bxc4 Nd6 14. c5 Nc4 15. Nd3 Bf6 16. Bc3 Qe7 17. a4 Ba6 18. Rfb1 {0-1 (54) Wen,Y (2607)-Sadorra,J (2575) Chengdu 2017}) 9... a5 $146 ({Predecessor:} 9... f5 10. Ba3 a5 11. Bxe7 Qxe7 12. Nbd2 b6 13. cxd5 cxd5 14. Qc7 Nxd2 15. Nxd2 Ba6 16. Rfc1 Rfc8 17. Qf4 Qb4 18. Qe3 Qd6 19. Nf3 h6 {½-½ (34) Perez,R (2249)-Sepulveda Herrera,J (2285) Santiago de Chile 2014}) 10. Ba3 Bxa3 11. Nxa3 {The position is equal.} Qe7 12. Ne5 f5 13. e3 Nxe5 14. dxe5 g5 15. Rfc1 ({White should play} 15. f4 $11) 15... g4 $15 16. Qb2 Ng5 (16... Nc5 $1 $15 17. Qc3 Ne4) 17. Nc2 $11 h5 18. Ne1 h4 (18... Rf7 $11 {remains equal.}) 19. gxh4 $16 Nf7 20. f4 $36 {[%mdl 2048] White is on the roll.} Qxh4 21. Qf2 Qxf2+ 22. Kxf2 Bd7 23. Nc2 Rfc8 24. Nd4 Nd8 (24... Kf8 $14) 25. h3 $1 gxh3 26. Bxh3 Kf8 27. Bg2 ({Better is} 27. Rg1 $1) 27... Ke7 28. Rh1 Nf7 29. Rac1 Rab8 30. Bf3 Rh8 (30... dxc4 $142 31. Rxc4 (31. bxc4 c5 $14) 31... c5) 31. cxd5 cxd5 32. Rxh8 $1 Nxh8 33. Bh5 Nf7 $2 {[#]} (33... Rc8 $16 34. Rg1 Kf8) 34. Bxf7 $1 $18 Kxf7 {[%mdl 4096] Endgame [#] KRB-KRN} 35. Rc5 $1 b6 36. Rc7 Ke8 37. Kg3 Kd8 38. Ra7 Ke8 39. Kh4 Rc8 40. Rb7 Rc3 41. Rxb6 Ke7 42. Rb7 Kd8 $2 (42... Rxe3 $16 {was called for.} 43. Nc6+ Ke8 44. Rb8+ (44. Nxa5 Rc3 $16) 44... Kf7) 43. Kg5 Rxe3 (43... Ke7 $142 44. Ra7 Rc5) 44. Kf6 Kc8 45. Ra7 Re4 46. Nxe6 Bxe6 47. Kxe6 Rxf4 48. Rxa5 {KR-KR} Rb4 49. Kxf5 Rxb3 50. Rxd5 {White mates.} Ra3 51. e6 Rf3+ 52. Kg6 Rg3+ 53. Kf7 Rf3+ 54. Ke7 Rh3 55. Rc5+ Kb7 56. a5 Rh1 57. Kd6 Rh6 58. Kd7 Rh1 59. e7 {Accuracy: White = 75%, Black = 43%.} 1-0

[Event "17th Delhi GM Open 2019"]
[Site "Delhi"]
[Date "2019.01.10"]
[Round "2"]
[White "Khusenkhojaev, Muhammad"]
[Black "Vahdatian, Davood"]
[Result "*"]
[WhiteElo "2455"]
[BlackElo "2048"]
[Annotator "TA"]
[PlyCount "30"]
[EventDate "2019.01.09"]
[EventType "swiss"]
[EventCountry "IND"]
[SourceTitle "playchess.com"]
[Source "ChessBase"]
[SourceQuality "1"]

{[%evp 13,14,17,45]} 1. Nf3 d5 2. d4 Nf6 3. c4 e6 4. g3 Be7 5. Bg2 O-O 6. O-O c6 7. Qc2 Ne4 {LiveBook: 70 Games} {Predecessor:} 8. Ne5 $146 Nd6 9. Nd2 Nd7 10. b3 f6 11. Nd3 f5 12. Bb2 Nf6 13. f3 Bd7 14. Rae1 Be8 15. a4 b6 {1-0 (53) Votava,J (2527)-Nun,J (2304) Czech Republic 2018} *

[Event "17th Delhi GM Open 2019"]
[Site "Delhi"]
[Date "2019.01.10"]
[Round "2"]
[White "Nguyen, Van Huy"]
[Black "Dahale, Atul"]
[Result "*"]
[WhiteElo "2450"]
[BlackElo "2044"]
[Annotator "TA"]
[PlyCount "16"]
[EventDate "2019.01.09"]
[EventType "swiss"]
[EventCountry "IND"]
[SourceTitle "playchess.com"]
[Source "ChessBase"]
[SourceQuality "1"]

{[%evp 10,16,43,7,61,-367,95,-46,108]} 1. d4 Nf6 2. c4 g6 3. Nc3 Bg7 4. Nf3 O-O 5. h3 d6 6. Bf4 {LiveBook: 385 Games} e5 {E61: King's Indian: Early deviations for White, including Smyslov System} ({Better is} 6... b6 $11) (6... c5 7. e3 cxd4 8. exd4 Nc6 9. d5 e5 10. dxe6 Re8 11. Be2 Bxe6 12. O-O d5 13. Ng5 d4 14. Nb5 h6 15. Nxe6 fxe6 16. Bh2 {0-1 (26) Rasulov,V (2487)-Amin,B (2661) Baku 2016}) 7. e3 $2 {[%mdl 8192] [#]} (7. dxe5 $14 {was forced to keep a grip.} dxe5 8. Bxe5 (8. Nxe5 Qe8 $11)) 7... Nc6 $2 ({Black should play} 7... exf4 $19 8. exf4 c5) 8. Bh2 $146 (8. dxe5 $16 Nxe5 9. Nxe5 dxe5 10. Qxd8 (10. Bxe5 Qe7 $11) 10... Rxd8 11. Bxe5) ({Predecessor:} 8. dxe5 dxe5 9. Nxe5 Nxe5 10. Qxd8 Rxd8 11. Bxe5 c6 12. Be2 Be6 13. O-O Re8 14. Bg3 Rad8 15. Rfd1 {1-0 (50) Nguyen,D (1605)-Khoserdene,G Taipa 2014}) 8... Kh8 $2 (8... exd4 $15 {stays ahead.} 9. exd4 {[#]} Ne4 $1 {[%mdl 512]}) *